000 00891nam a2200301#a 4500
001 00642
003 HDC
007 ta
008 230623s2005 xx 000 0 eng d
020 _a0813824249 (hbk.).
040 _aHDC
050 _aTX 546
_b.M66 2005
100 _aMoskowitz, Howard R.
245 0 _aConcept research in food product design and development /
_cHoward R. Moskowitz, Sebastiano Porretta, Matthias Silcher.
250 _a1st ed.
264 _aAmes, Iowa :
_bBlackwell Pub.,
_c2005.
300 _axii,597p. :
_b ill. ;
_c 26cm.
500 _aIncludes bibliographical references and index.
650 _aCommercial products
_xTesting.
650 _aFood
_xSensory evaluation.
700 _aPorretta, Sebastiano.
700 _aSilcher, Matthias.
700 _aSilcher, Matthias.
942 _2lcc
942 _cBK
942 _kTX 546
942 _m.M66 2005
999 _c22270
_d22270